000 00534nam a2200181Ia 4500
001 11261
005 20260306161933.0
008 260306t1999||||xx |||||||||||||| ||spa||
041 _aESP
082 _a985.02
_bD37D
100 _aLaureano de la Cruz, Fray
_eAUT
245 0 _aDescripción de los reynos del Perú con particular noticia de lo hecho por los franciscanos en la evangelización de aquel país
260 _c1999
300 _a501 páginas :
_c20 cm.
650 _aGEN
654 _aCHU
942 _cLIB
_dJUS
_fJUS
_2ddc
_n
999 _c11261
_d11261